00863cam a2200253 a 450000100100000000500170001000800410002704000180006808200170008610000300010324500340013326000350016730000210020249000200022349000300024350400410027365000270031465000310034183000290037283000390040191000340044095201200047499900150059400000959020200929161632.0900626s1986 sp c b 001 0 spa  aDO-SdBNPcDLC a864.62bZ24s1 aZambrano, María.92443310aSenderos /cMaría Zambrano. aBarcelona :bAnthropos,c1986. a276 p. ;c20 cm.1 aMemoria rotav81 aExilios y heterodoxiasv8 aIncluye bibliografía: [p. 270-276] 4aEnsayo español93923 4aLiteratura española9632 0aMemoria rota ;v8924434 0aExilios y heterodoxias ;v8924435 aCatalogación por copia / LC 001052708MOaGRbGRcCTd2009-09-30iLF1l0o864.62 Z24sp9590-10r2020-06-25w2020-06-25y2ZPréstamo interno c9350d9350